000 00526nam a22001937a 4500
003 KOHA_MİRAKIL
005 20250422171238.0
008 250422b tu ||||| |||| 00| 0 tur d
020 _a9786051417998
040 _aTR-AnABB
_btur
_cTR-AnABB
041 _atur
082 _a851.1
_bDAN 2014
100 1 _aAlighieri, Dante,
245 1 0 _aRime /
_cDante Alighieri
260 _aİstanbul :
_bEverest Yayınları,
_c2014
300 _a407 sayfa ;
_c20 cm
650 0 4 _aİtalyan edebiyatı, roman
942 _2ddc
_cBK
999 _c8823
_d8823
900 _bGizem YORULMAZ